Country Flags Featuring 5 or More Stars - Statistics

General Stats
  • This quiz has been taken 18 times
  • The average score is 11 of 20
Answer Stats
Answer % Correct
USA
100%
Australia
85%
Brazil
85%
China
77%
Uzbekistan
69%
Venezuela
69%
Honduras
62%
Kosovo
62%
Bosnia and Herzegovina
54%
Papua New Guinea
54%
Singapore
54%
Solomon Islands
46%
Tuvalu
46%
Samoa
38%
Cape Verde
31%
Dominica
31%
Grenada
31%
Tajikistan
31%
Equatorial Guinea
15%
Turkmenistan
15%
No matching quizzes found
Score Distribution
Percent of People with Each Score
Percentile by Number Answered
Your Score History
You have not taken this quiz